Практика по физике: учебное пособие
| Main Author: | |
|---|---|
| Corporate Author: | |
| Other Authors: | , |
| Summary: | Заглавие с титульного экрана Электронная версия печатной публикации В пособии кратко изложены все разделы курса общей физики; даны разъяснения основных законов, явлений и понятий физической механики, молекулярной физики, термодинамики, электродинамики, колебаний и волн, оптики, физики атомов и атомного ядра; рассмотрены примеры решения задач по соответствующим разделам курса; предложены задачи для самостоятельного решения по каждому разделу курса. Пособие соответствует программе курса физики высших технических учебных заведений. Предназначено для студентов инженерных специальностей, изучающих курс физики в течение трех семестров. Режим доступа: из корпоративной сети ТПУ |
| Language: | Russian |
| Published: |
Томск, Изд-во ТПУ, 2009
|
| Subjects: | |
| Online Access: | http://www.lib.tpu.ru/fulltext2/m/2012/m139.pdf |
| Format: | Electronic Book |
| KOHA link: | https://koha.lib.tpu.ru/cgi-bin/koha/opac-detail.pl?biblionumber=212484 |
MARC
| LEADER | 00000nlm0a2200000 4500 | ||
|---|---|---|---|
| 001 | 212484 | ||
| 005 | 20240202213015.0 | ||
| 035 | |a (RuTPU)RU\TPU\book\232138 | ||
| 090 | |a 212484 | ||
| 100 | |a 20120327d2009 m y0rusy50 ca | ||
| 101 | 0 | |a rus | |
| 102 | |a RU | ||
| 105 | |a y j 001zy | ||
| 200 | 1 | |a Практика по физике |e учебное пособие |f С. Б. Могильницкий, Б. В. Горячев, А. А. Ботаки |g Национальный исследовательский Томский политехнический университет (ТПУ) | |
| 210 | |a Томск |c Изд-во ТПУ |d 2009 | ||
| 300 | |a Заглавие с титульного экрана | ||
| 300 | |a Электронная версия печатной публикации | ||
| 330 | |a В пособии кратко изложены все разделы курса общей физики; даны разъяснения основных законов, явлений и понятий физической механики, молекулярной физики, термодинамики, электродинамики, колебаний и волн, оптики, физики атомов и атомного ядра; рассмотрены примеры решения задач по соответствующим разделам курса; предложены задачи для самостоятельного решения по каждому разделу курса. Пособие соответствует программе курса физики высших технических учебных заведений. Предназначено для студентов инженерных специальностей, изучающих курс физики в течение трех семестров. | ||
| 333 | |a Режим доступа: из корпоративной сети ТПУ | ||
| 337 | |a Adobe Reader | ||
| 452 | 1 | |0 (RuTPU)RU\TPU\book\206309 |t Практика по физике |o учебное пособие |f С. Б. Могильницкий, Б. В. Горячев, А. А. Ботаки |g Национальный исследовательский Томский политехнический университет (ТПУ) |c Томск |n Изд-во ТПУ |d 2009 |p 310 с. |a Могильницкий, Сергей Борисович | |
| 606 | 1 | |a Физика |2 stltpush |3 (RuTPU)RU\TPU\subj\63709 |9 80688 | |
| 610 | 1 | |a механика | |
| 610 | 1 | |a молекулярная физика | |
| 610 | 1 | |a термодинамика | |
| 610 | 1 | |a электричество | |
| 610 | 1 | |a магнетизм | |
| 610 | 1 | |a оптика | |
| 610 | 1 | |a тепловое излучение | |
| 610 | 1 | |a экологические проблемы | |
| 610 | 1 | |a фотоэлектрические эффекты | |
| 610 | 1 | |a эффект Комптона | |
| 610 | 1 | |a квантовая механика | |
| 610 | 1 | |a волны де Бройля | |
| 610 | 1 | |a ядерная физика | |
| 610 | 1 | |a электростатика | |
| 610 | 1 | |a электромагнетизм | |
| 610 | 1 | |a волновая оптика | |
| 610 | 1 | |a решение задач | |
| 610 | 1 | |a учебные пособия | |
| 610 | 1 | |a труды учёных ТПУ | |
| 610 | 1 | |a электронный ресурс | |
| 675 | |a 53(076.5) |v 3 | ||
| 700 | 1 | |a Могильницкий |b С. Б. |c физик |c доцент Томского политехнического университета, кандидат физико-математических наук |f 1951- |g Сергей Борисович |3 (RuTPU)RU\TPU\pers\25470 | |
| 701 | 1 | |a Горячев |b Б. В. |c физик |c доцент Томского политехнического университета, кандидат физико-математических наук |f 1947- |g Борис Валентинович |3 (RuTPU)RU\TPU\pers\25460 |9 11399 | |
| 701 | 1 | |a Ботаки |b А. А. |c физик |c доцент Томского политехнического университета, кандидат физико-математических наук |f 1950- |g Александр Анджелович |3 (RuTPU)RU\TPU\pers\26938 | |
| 712 | 0 | 2 | |a Национальный исследовательский Томский политехнический университет (ТПУ) |c (2009- ) |3 (RuTPU)RU\TPU\col\15902 |
| 801 | 1 | |a RU |b 63413507 |c 20101228 | |
| 801 | 2 | |a RU |b 63413507 |c 20191225 |g RCR | |
| 856 | 4 | |u http://www.lib.tpu.ru/fulltext2/m/2012/m139.pdf | |
| 942 | |c CF | ||